| 000 | 00620nam a22001577a 4500 | ||
|---|---|---|---|
| 003 | OSt | ||
| 005 | 20150918153700.0 | ||
| 008 | 150918b xxu||||| |||| 00| 0 eng d | ||
| 040 | _cRUA | ||
| 082 | _aAGR SAM 2006 B034 Or.1 | ||
| 100 |
_9781 _aSAMNANG, CHANBONY. |
||
| 245 | _aEffect of organic fertilizer on tomato at royal university of agriculture ឥទ្ធិពលជីសរីរាង្គលើដំណាំប៉េងប៉ោះ នៅសាកលវិទ្យាល័យភូមិន្ទកសិកម្ម | ||
| 260 |
_aPhnom Penh _bRUA _c2006 |
||
| 300 |
_a55p. _bill. _c29cm. |
||
| 942 |
_2ddc _cAGR |
||
| 999 |
_c749 _d749 |
||